000 00354nam a2200145Ia 4500
008 220214s9999 xx 000 0 und d
100 _aLo K V
245 0 _aMethane production from fermentation of winery waste
260 _bBiomass
_c1986
300 _a19-27
650 _aFermentation
650 _aWinery waste
700 _aLiao P H
942 _cRE
999 _c45599
_d45599